000 00574nam a2200193Ia 4500
003 GCL
008 140319s9999 xx 000 0 ara d
040 _aGCL /
_cGCL
082 0 4 _aط
_b813.0876
_bك ر
100 1 _aكامل ادهم الدباغ
245 1 0 _aرائد والنفط /
_cكامل ادهم الدباغ
700 1 _aعبدالشافى احمد
490 _aالسلسلة العلمية
_v0
650 0 4 _aالاطفال
650 0 4 _aقصص الاطفال
650 0 4 _aادب الاطفال
650 0 4 _aالقصص العلمية
942 _2ddc
_cBK
999 _c51232
_d51232